| 000 | 00625cam a2200217 i 4500 | ||
|---|---|---|---|
| 999 |
_c4858 _d4858 |
||
| 003 | OSt | ||
| 005 | 20220330063148.0 | ||
| 008 | 800128s1980 paua b 001 0 eng | ||
| 020 | _a0812106741 | ||
| 040 | _cDLC | ||
| 050 | 0 | 0 |
_aRM847 _b.F53 1980 |
| 100 | 1 |
_aFletcher, Gilbert H. _d1911- |
|
| 245 | 1 | 0 |
_aTextbook of radiotherapy / _cGilbert H. Fletcher. |
| 250 | _a3d ed. | ||
| 260 |
_aPhiladelphia : _bLea & Febiger, _c1980. |
||
| 300 |
_axiv, 959 p. : _bill. ; _c28 cm. |
||
| 504 | _aIncludes bibliographies and index. | ||
| 650 | 0 | _aRadiotherapy. | |
| 906 |
_a7 _bcbc _corignew _d1 _eocip _f19 _gy-gencatlg |
||
| 942 |
_2lcc _cBK |
||